LEADER 01086nam a2200181 i 4500 001 000000239081 003 CaOOAMICUS 005 20150219000000.0 008 150219s1821 it u000 u ita u 013 $a217986 026 $alae, S.la .]e- lepe (3) 1821 (A) 040 $aSeMil$bita 245 10$aMIC-NOA. 300 $a326, [2] p. 773 0 $aBergier, Nicolas-Sylvestre <1718-1790>$tDizionario enciclopedico della teologia, della storia della chiesa, degli autori che hanno scritto intorno alla religione, dei concili, eresie, ordini religiosi ec. Composto già per uso dell'enciclopedia metodica dal celebre sig. can. Bergier, tradotto in italiano, corretto ed accresciuto dal p.d. Clemente Biagi dei Camaldolensi. Tomo 1. [-17.].$bEd in questa nuova edizione aumentato di molti nuovi articoli da vari professori di teologia e di storia ecclesiastica.$dFirenze : Presso Giuseppe di Giov. Pagani, 1820-1822.$g10$w()30573 850 $aSeMil 852 $aSeMil$W1$xVenegono$y1$m3D II 54 FA$j189427$B189427$CSeMilBibl$Z2$F200234 $8I 996 $6245$aMIC-NOA$9(OLS)http://semarc/title/340466 LEADER 00769nam a2200217 i 4500 001 000000020798 003 CaOOAMICUS 005 20180830125445.0 008 180830s1964 gw u000 u und u 040 $aSeMil$bita 245 10$aAristides /$cex recensione Guilielmi Dindorfii. 260 $aHildesheim :$bOlms,$c1964. 300 $av. ;$c21 cm. 500 $a[Rist. anast. dell'ed. Lipsia 1829]. 700 1 $aDindorf, Wilhelm <1802-1883>.$0(OLS)http://semarc/name/680 700 1 $aAristides, Aelius,$d.$0(OLS)http://semarc/name/9314 774 0 $tVol. 1.$w()177904 774 0 $tVol. 2.$w()177905 774 0 $tVol. 3.$w()177906 996 $6245$aAristides$9(OLS)http://semarc/title/27451 996 $6260$aHildesheim :$bOlms$9(OLS)http://semarc/publisher/30322